000 00429nam a2200181Ia 4500
001 13737
005 20260306164823.0
008 260306t2016||||xx |||||||||||||| ||spa||
041 _aESP
082 _a005.133
_bS726
100 _aScott, Michael L.
_eAUT
245 0 _aProgramming language pragmatics
260 _c2016
300 _a956 páginas :
_c23 cm.
650 _aGEN
654 _aCCC
942 _cLIB
_dJUS
_fJUS
_2ddc
_n
999 _c13737
_d13737